[Event "DEM U12/U12w 2013"]
[Site "Oberhof GER"]
[Date "2013.05.20"]
[Round "3"]
[White "Ott, Josef Sebastian"]
[Black "Poetsch, Leonore"]
[Result "1-0"]
[Termination "normal"]
[Board "23"]
[WhiteElo "1600"]
[BlackElo "1468"]
[PlyCount "113"]
[WhiteFideId "12952079"]
[BlackFideId "12940372"]
[EventCountry "GER"]
[EventRounds "11"]
[EventType "swiss"]
[EventDate "2013.05.18"]

1. e4 e6 2. d4 d5 3. Nc3 Nf6 4. e5 Nfd7 5. Nce2 c5 6. c3 Nc6 7. f4 Qb6 8. Nf3
cxd4 9. cxd4 f6 10. g3 fxe5 11. fxe5 Bb4+ 12. Bd2 O-O 13. Bg2 Ndxe5 14. dxe5
Nxe5 15. Bxb4 Nxf3+ 16. Bxf3 Qxb4+ 17. Kf2 Qxb2 18. Kg2 Qf6 19. Rf1 Bd7 20. Qd3
Bc6 21. Nd4 Qe7 22. Rae1 Rf6 23. Re5 Qd6 24. Rfe1 Bd7 25. Qe3 Kf7 26. Bg4 Re8
27. Bh5+ g6 28. Bg4 Qa6 29. Re2 Qd6 30. Qh6 Kg8 31. Qh3 h5 32. Bxe6+ Bxe6 33.
Rxe6 Rfxe6 34. Rxe6 Rxe6 35. Qxe6+ Qxe6 36. Nxe6 a6 37. Nf4 b5 38. Nxd5 a5 39.
Kf3 Kf7 40. Ke4 b4 41. Kd4 Ke6 42. Nf4+ Kf5 43. Kc4 h4 44. Kb5 g5 45. Ne2 Ke4
46. Kxa5 Kd3 47. Ng1 hxg3 48. hxg3 g4 49. Kxb4 Ke3 50. a4 Kf2 51. a5 Kxg1 52.
a6 Kg2 53. a7 Kxg3 54. a8=Q Kh2 55. Qa2+ Kh3 56. Qf2 g3 57. Qg1 1-0

[Event "DEM U12/U12w 2013"]
[Site "Oberhof GER"]
[Date "2013.05.20"]
[Round "3"]
[White "Ehmann, Johanna"]
[Black "Perekhozhuk, Maksym"]
[Result "0-1"]
[Termination "normal"]
[Board "24"]
[WhiteElo "1350"]
[BlackElo "1749"]
[PlyCount "142"]
[WhiteFideId "12953130"]
[BlackFideId "12914860"]
[EventCountry "GER"]
[EventRounds "11"]
[EventType "swiss"]
[EventDate "2013.05.18"]

1. e4 c5 2. Nf3 d6 3. d4 cxd4 4. Nxd4 Nf6 5. Nc3 Nc6 6. f3 g6 7. Be3 Bg7 8. Qd2
O-O 9. O-O-O d5 10. g4 dxe4 11. Nxe4 Nxe4 12. fxe4 Bxg4 13. Nxc6 bxc6 14. Qxd8
Raxd8 15. Rxd8 Rxd8 16. Bd3 a5 17. Rg1 Be6 18. Rg5 Bxa2 19. Rxa5 Be6 20. Ra7
Rb8 21. b3 Be5 22. Rxe7 Bxh2 23. Bh6 Be5 24. Ba6 c5 25. Bb5 Bd6 26. Re8+ Rxe8
27. Bxe8 c4 28. bxc4 Bxc4 29. Kd2 Ba6 30. Ke3 Ba3 31. Kd4 Bf8 32. Bg5 h6 33.
Bf6 g5 34. c4 Bg7 35. Bxg7 Kxg7 36. c5 Kf6 37. Bd7 Ke7 38. Bf5 Bb7 39. Ke3 Bc6
40. Bg4 f6 41. Kd4 Bd7 42. Bh5 Be8 43. Bg4 h5 44. Be2 g4 45. Ke3 Kd8 46. Kf4
Bd7 47. Kg3 Kc7 48. Kh4 Be8 49. Bxg4 hxg4 50. Kxg4 Bg6 51. Kf4 Kd7 52. Ke3 Be8
53. Kd4 Ke6 54. Ke3 Ke5 55. Kf3 Bc6 56. Ke3 Bxe4 57. Kf2 f5 58. c6 Bxc6 59. Kf1
Kf4 60. Kf2 Be8 61. Kf1 Kf3 62. Kg1 Ke2 63. Kg2 f4 64. Kg1 f3 65. Kh2 f2 66.
Kh3 f1=Q+ 67. Kh2 Qf8 68. Kg3 Bd7 69. Kh2 Qg8 70. Kh1 Kf1 71. Kh2 Qg1# 0-1

[Event "DEM U12/U12w 2013"]
[Site "Oberhof GER"]
[Date "2013.05.20"]
[Round "3"]
[White "Kölz, Niklas"]
[Black "Schulze, Lara"]
[Result "0-1"]
[Termination "normal"]
[Board "25"]
[WhiteElo "1629"]
[BlackElo "1839"]
[PlyCount "126"]
[WhiteFideId "12971758"]
[BlackFideId "12956830"]
[EventCountry "GER"]
[EventRounds "11"]
[EventType "swiss"]
[EventDate "2013.05.18"]

1. e4 e6 2. d4 d5 3. Nc3 dxe4 4. Nxe4 Nd7 5. Nf3 Ngf6 6. Bg5 Be7 7. Nxf6+ Nxf6
8. Be3 O-O 9. a3 b6 10. Bd3 Bb7 11. c4 Ng4 12. h3 Nxe3 13. fxe3 Bh4+ 14. Kd2
Bg3 15. Qc2 f5 16. h4 Qf6 17. Rh3 Bd6 18. c5 bxc5 19. dxc5 Bxc5 20. Rg1 Bd6 21.
Nd4 a6 22. Qb3 Bd5 23. Qc2 c5 24. Nf3 Rfb8 25. Rb1 Ba2 26. b3 Bxb1 27. Qxb1 Rd8
28. Ke2 Kh8 29. Bc4 h6 30. Rh1 Be7 31. Ng5 Rd6 32. g4 Rc6 33. gxf5 Qxf5 34.
Qxf5 exf5 35. Nf7+ Kh7 36. Bd5 Rac8 37. Bxc6 Rxc6 38. Ne5 Rb6 39. Rb1 Bxh4 40.
Nd7 Rc6 41. Rc1 Be7 42. b4 c4 43. Ne5 Re6 44. Nxc4 f4 45. Kd3 fxe3 46. Re1 Bg5
47. Nxe3 Bf6 48. Re2 g5 49. Rc2 Rd6+ 50. Ke2 Kg6 51. Nc4 Re6+ 52. Kf3 h5 53.
Kg3 g4 54. Rd2 Rc6 55. Rc2 Kg5 56. Ne3 Rxc2 57. Nxc2 h4+ 58. Kg2 h3+ 59. Kg1 g3
60. a4 Bd8 61. Ne1 Bb6+ 62. Kf1 g2+ 63. Nxg2 h2 0-1

[Event "DEM U12/U12w 2013"]
[Site "Oberhof GER"]
[Date "2013.05.20"]
[Round "3"]
[White "Meyling, Lennart"]
[Black "Cejda, Cecilia"]
[Result "1-0"]
[Termination "normal"]
[Board "26"]
[WhiteElo "1628"]
[BlackElo "1335"]
[PlyCount "107"]
[WhiteFideId "12947130"]
[BlackFideId "12921122"]
[EventCountry "GER"]
[EventRounds "11"]
[EventType "swiss"]
[EventDate "2013.05.18"]

1. e4 c5 2. Nf3 d6 3. d4 cxd4 4. Nxd4 Nf6 5. Nc3 a6 6. Bc4 e6 7. O-O b5 8. Bb3
b4 9. Na4 Nxe4 10. Re1 Nf6 11. Qf3 Ra7 12. Be3 Rb7 13. Bg5 Be7 14. Bxf6 Bxf6
15. Bxe6 O-O 16. Bxc8 Qxc8 17. Nf5 Be5 18. Nb6 Qc6 19. Nd5 Kh8 20. c4 bxc3 21.
bxc3 Rb5 22. Qg4 Qxd5 23. c4 Rb4 24. Rad1 Qxc4 25. Qg5 Qg4 26. Qe7 Kg8 27. Nxd6
Bxd6 28. Rxd6 Qc8 29. Rd3 h6 30. Qxb4 Qc7 31. Rg3 Rc8 32. Qd4 f6 33. Qxf6 Kh8
34. Qe6 a5 35. h3 Qc2 36. Qe5 Qc7 37. Qxc7 Rxc7 38. Re8+ Kh7 39. Rxb8 Rc1+ 40.
Kh2 Ra1 41. Ra3 Rf1 42. Rf8 g5 43. Rxa5 Kg7 44. Rf3 Kg6 45. Ra6+ Kg7 46. a4 Ra1
47. Rb3 Re1 48. Rb7+ Kf8 49. Rxh6 Kg8 50. a5 Ra1 51. a6 Ra2 52. a7 Ra3 53. Rd6
Kf8 54. Rd8# 1-0

[Event "DEM U12/U12w 2013"]
[Site "Oberhof GER"]
[Date "2013.05.20"]
[Round "3"]
[White "Wurst, Maximilian"]
[Black "Reimers, Kim"]
[Result "1/2-1/2"]
[Termination "normal"]
[Board "27"]
[WhiteElo "1332"]
[BlackElo "1603"]
[PlyCount "123"]
[WhiteFideId "12971812"]
[BlackFideId "12930377"]
[EventCountry "GER"]
[EventRounds "11"]
[EventType "swiss"]
[EventDate "2013.05.18"]

1. e4 e6 2. d4 d5 3. e5 c5 4. c3 Nc6 5. Nf3 Qb6 6. a3 Bd7 7. b4 cxd4 8. cxd4
Nge7 9. Be3 Nf5 10. Nc3 a5 11. b5 Na7 12. a4 Bb4 13. Rc1 Rc8 14. Qd3 Nxe3 15.
fxe3 Qc7 16. Kd2 O-O 17. Be2 f6 18. h4 Be8 19. h5 Bxc3+ 20. Rxc3 Qxc3+ 21. Qxc3
Rxc3 22. Kxc3 Nc8 23. g4 Nb6 24. Kb3 fxe5 25. dxe5 Bd7 26. Nd4 Rf2 27. Rc1 Na8
28. Bf3 Nb6 29. Be2 Rf8 30. Rc7 Rb8 31. Bd3 h6 32. Be2 Kf8 33. Bd3 Ke7 34. Be2
Na8 35. Rc1 Re8 36. Rf1 Bc8 37. Nf3 Nb6 38. g5 hxg5 39. Nxg5 Rf8 40. Nf3 Rf5
41. Rg1 Kf8 42. Rg5 Nd7 43. Rxf5+ exf5 44. Bd3 Nc5+ 45. Kc2 Nxa4 46. Nd4 Nc5
47. Bxf5 Bxf5+ 48. Nxf5 Kf7 49. e6+ Nxe6 50. Nd6+ Ke7 51. Nxb7 Nc7 52. b6 Na8
53. Nxa5 Nxb6 54. Kd3 Ke6 55. e4 Kf6 56. exd5 Nxd5 57. Ke4 Kg5 58. Kxd5 Kxh5
59. Ke5 g5 60. Nc4 g4 61. Ne3 g3 62. Kf4 1/2-1/2

[Event "DEM U12/U12w 2013"]
[Site "Oberhof GER"]
[Date "2013.05.20"]
[Round "3"]
[White "Biastoch, Bennet"]
[Black "Rosenhain, Rachela"]
[Result "1-0"]
[Termination "normal"]
[Board "28"]
[WhiteElo "1676"]
[BlackElo "1335"]
[PlyCount "73"]
[WhiteFideId "12939889"]
[BlackFideId "12957615"]
[EventCountry "GER"]
[EventRounds "11"]
[EventType "swiss"]
[EventDate "2013.05.18"]

1. e4 e5 2. d4 exd4 3. Qxd4 Nc6 4. Qe3 d6 5. Bd2 Nf6 6. Nc3 Be7 7. O-O-O Be6 8.
Bd3 Qd7 9. Nf3 O-O-O 10. Ng5 h6 11. Nxe6 fxe6 12. f3 d5 13. exd5 exd5 14. Qf2
Rhf8 15. Rhe1 Bd6 16. Qg1 Rde8 17. g4 Kb8 18. Bf5 Qf7 19. Nb5 Rd8 20. Be3 b6
21. Nxd6 Rxd6 22. Bf4 Rdd8 23. h4 Nd7 24. Qg3 Rc8 25. Bd2 Rcd8 26. Bf4 Rc8 27.
h5 Kb7 28. Bd2 Ncb8 29. Be6 Qf6 30. g5 Qd8 31. gxh6 gxh6 32. Bxh6 Rh8 33. Bg5
Qf8 34. Bxd5+ c6 35. Be6 Qg7 36. Bxd7 Nxd7 37. Re7 1-0

[Event "DEM U12/U12w 2013"]
[Site "Oberhof GER"]
[Date "2013.05.20"]
[Round "3"]
[White "Vuckovic, Zarko"]
[Black "Arnhold, Steffi"]
[Result "1-0"]
[Termination "normal"]
[Board "29"]
[WhiteElo "1722"]
[BlackElo "1273"]
[PlyCount "67"]
[WhiteFideId "12952087"]
[BlackFideId "12931365"]
[EventCountry "GER"]
[EventRounds "11"]
[EventType "swiss"]
[EventDate "2013.05.18"]

1. e4 c5 2. Nc3 Nc6 3. f4 g6 4. Nf3 Bg7 5. Bb5 a6 6. Bxc6 bxc6 7. O-O e6 8. e5
Ne7 9. Ne4 O-O 10. Nxc5 d6 11. exd6 Qxd6 12. d4 Nd5 13. Ne5 f6 14. Nc4 Qc7 15.
Qe1 Re8 16. Qa5 Qxa5 17. Nxa5 Ne7 18. Re1 f5 19. c3 Rb8 20. b3 Nd5 21. Bd2 Ne7
22. Nxe6 Bxe6 23. Rxe6 Nd5 24. Rae1 Rxe6 25. Rxe6 c5 26. Rd6 cxd4 27. Rxd5 dxc3
28. Bc1 Rc8 29. Kf2 c2 30. Nc4 Bc3 31. Rd3 Ba1 32. Rd2 Re8 33. Rxc2 Bd4+ 34.
Be3 1-0

[Event "DEM U12/U12w 2013"]
[Site "Oberhof GER"]
[Date "2013.05.20"]
[Round "3"]
[White "Schumacher, Ole"]
[Black "Rieß, Alexander"]
[Result "0-1"]
[Termination "normal"]
[Board "30"]
[WhiteElo "1120"]
[BlackElo "1605"]
[PlyCount "78"]
[WhiteFideId "12971898"]
[BlackFideId "12953326"]
[EventCountry "GER"]
[EventRounds "11"]
[EventType "swiss"]
[EventDate "2013.05.18"]

1. d4 d5 2. c4 c6 3. Nf3 Nf6 4. Nc3 e6 5. Bg5 dxc4 6. a4 Bb4 7. e3 b5 8. axb5
cxb5 9. Be2 Bb7 10. O-O a6 11. Qc2 O-O 12. b3 cxb3 13. Qxb3 Be7 14. Nd2 Nbd7
15. Bf3 Qb6 16. Bxb7 Qxb7 17. Rfc1 Rfc8 18. Nde4 h6 19. Bxf6 Nxf6 20. Nxf6+
Bxf6 21. Rc2 Rc7 22. Rac1 Rac8 23. f3 Bg5 24. Kf2 a5 25. Ne4 Rxc2+ 26. Rxc2
Rxc2+ 27. Qxc2 Be7 28. Qb3 a4 29. Qb1 b4 30. Nc5 Qb5 31. Qa2 Bxc5 32. dxc5 b3
33. Qb2 Qxc5 34. Ke2 Qc4+ 35. Kd2 a3 36. Qb1 a2 37. Qb2 Qa4 38. Qa1 b2 39. Qxb2
a1=Q 0-1

[Event "DEM U12/U12w 2013"]
[Site "Oberhof GER"]
[Date "2013.05.20"]
[Round "3"]
[White "Riedel, Erich"]
[Black "Bürmann, Theresia"]
[Result "1-0"]
[Termination "normal"]
[Board "31"]
[WhiteElo "1767"]
[BlackElo "1187"]
[PlyCount "73"]
[WhiteFideId "12958646"]
[BlackFideId "12960241"]
[EventCountry "GER"]
[EventRounds "11"]
[EventType "swiss"]
[EventDate "2013.05.18"]

1. e4 e5 2. Nf3 Nc6 3. d4 exd4 4. Nxd4 Bc5 5. Be3 Qf6 6. c3 Nge7 7. Bc4 Ne5 8.
Be2 Qg6 9. Bf3 O-O 10. g3 d6 11. Bg2 Rd8 12. O-O c6 13. b3 Qf6 14. h3 Be6 15.
f4 Qg6 16. f5 Qxg3 17. Bf2 Qg5 18. fxe6 Rf8 19. Nd2 Qf6 20. Be3 Qg6 21. exf7+
Nxf7 22. Qg4 Rad8 23. Qxg6 Nxg6 24. Rae1 Rfe8 25. b4 Bb6 26. Nc4 Bc7 27. Nf5 b5
28. Nd2 a5 29. a3 h6 30. Bd4 Nge5 31. Nf3 g6 32. N5h4 Kh7 33. Nxe5 Nxe5 34.
Bxe5 g5 35. Rf7+ Kg8 36. Rg7+ Kf8 37. Ng6# 1-0

[Event "DEM U12/U12w 2013"]
[Site "Oberhof GER"]
[Date "2013.05.20"]
[Round "3"]
[White "Wendler, David"]
[Black "Watzlawik, Lee David"]
[Result "1-0"]
[Termination "normal"]
[Board "32"]
[WhiteElo "1548"]
[BlackElo "1170"]
[PlyCount "49"]
[WhiteFideId "12938360"]
[BlackFideId "1270474"]
[EventCountry "GER"]
[EventRounds "11"]
[EventType "swiss"]
[EventDate "2013.05.18"]

1. e4 e6 2. d4 d5 3. Nc3 Bb4 4. e5 Ne7 5. a3 Bxc3+ 6. bxc3 c5 7. Nf3 Ng6 8. h4
Nc6 9. h5 Nge7 10. h6 g6 11. Bg5 Qa5 12. Qd2 Nf5 13. g4 Nfe7 14. Bf6 Rg8 15.
Ng5 cxd4 16. cxd4 Qxd2+ 17. Kxd2 Nxd4 18. Nxh7 Bd7 19. Ng5 Ba4 20. Bd3 Rc8 21.
Rac1 Nb5 22. Bxb5+ Bxb5 23. h7 Rf8 24. h8=Q Nc6 25. Qxf8+ 1-0

[Event "DEM U12/U12w 2013"]
[Site "Oberhof GER"]
[Date "2013.05.20"]
[Round "3"]
[White "Voß, Henrike"]
[Black "Birg, Raphael"]
[Result "0-1"]
[Termination "normal"]
[Board "33"]
[WhiteElo "1063"]
[BlackElo "1542"]
[PlyCount "90"]
[WhiteFideId "12971910"]
[BlackFideId "12971774"]
[EventCountry "GER"]
[EventRounds "11"]
[EventType "swiss"]
[EventDate "2013.05.18"]

1. e4 e5 2. Nf3 Nc6 3. d4 exd4 4. Bc4 Nf6 5. e5 d5 6. Bb5 Ne4 7. Nxd4 Bd7 8.
Bxc6 Bxc6 9. Nxc6 bxc6 10. Qf3 Bc5 11. O-O O-O 12. Nc3 f5 13. Nxe4 fxe4 14. Qg3
Qe7 15. Bg5 Qe6 16. Bf6 Rf7 17. c3 Be7 18. f4 Bxf6 19. exf6 Qxf6 20. Qg5 Raf8
21. Qxf6 Rxf6 22. g3 h6 23. h4 g5 24. fxg5 Rxf1+ 25. Rxf1 Rxf1+ 26. Kxf1 hxg5
27. h5 g4 28. Kf2 Kg7 29. Ke3 Kh6 30. Kf4 Kxh5 31. b3 c5 32. a3 a6 33. c4 c6
34. a4 a5 35. Ke3 Kg5 36. Ke2 Kf5 37. Kf2 d4 38. Ke2 d3+ 39. Kd2 Ke5 40. Ke3 d2
41. Kxd2 Kd4 42. Ke2 e3 43. Ke1 Kd3 44. Kd1 e2+ 45. Ke1 Ke3 0-1

[Event "DEM U12/U12w 2013"]
[Site "Oberhof GER"]
[Date "2013.05.20"]
[Round "3"]
[White "Weber, Samuel"]
[Black "Christiansen, Sarah"]
[Result "1-0"]
[Termination "normal"]
[Board "34"]
[WhiteElo "1703"]
[BlackElo "1014"]
[PlyCount "67"]
[WhiteFideId "12924008"]
[BlackFideId "12971936"]
[EventCountry "GER"]
[EventRounds "11"]
[EventType "swiss"]
[EventDate "2013.05.18"]

1. d4 d5 2. Bf4 Nf6 3. Nf3 Bf5 4. e3 e6 5. Bd3 Bg6 6. Qe2 Bd6 7. Bg3 Nbd7 8.
Nbd2 O-O 9. O-O-O Rc8 10. Bh4 Be7 11. h3 c5 12. g4 h6 13. Bg3 c4 14. Bxg6 fxg6
15. Nb1 Ne4 16. Nfd2 c3 17. Nxe4 cxb2+ 18. Kxb2 Qb6+ 19. Ka1 dxe4 20. c4 Qb4
21. Rc1 Rc6 22. Nd2 Nb6 23. c5 Na4 24. Nxe4 Ra6 25. Rc4 Qa3 26. Rd1 Nb2 27.
Qxb2 Qa5 28. Nd6 Qd8 29. Qc2 Rc6 30. Qxg6 b6 31. Qxe6+ Kh7 32. Qe4+ Kg8 33.
Qxc6 bxc5 34. Rxc5 1-0

[Event "DEM U12/U12w 2013"]
[Site "Oberhof GER"]
[Date "2013.05.20"]
[Round "3"]
[White "Sanati, Charlotte"]
[Black "Möller, Lisa-Marie"]
[Result "1-0"]
[Termination "normal"]
[Board "35"]
[WhiteElo "1672"]
[BlackElo "1492"]
[PlyCount "47"]
[WhiteFideId "12907707"]
[BlackFideId "12959367"]
[EventCountry "GER"]
[EventRounds "11"]
[EventType "swiss"]
[EventDate "2013.05.18"]

1. e4 c5 2. Nf3 e6 3. d4 cxd4 4. Nxd4 a6 5. Nc3 b5 6. Be3 Bb7 7. Bd3 Qc7 8. O-O
Nf6 9. a3 Be7 10. Qe2 O-O 11. Rad1 d6 12. f4 Nbd7 13. f5 e5 14. Nb3 Nc5 15. Nd2
d5 16. exd5 Nxd5 17. Nxd5 Bxd5 18. f6 Bd6 19. Bxh7+ Kxh7 20. Qh5+ Kg8 21. fxg7
Kxg7 22. Bh6+ Kh7 23. Bg5+ Kg8 24. Bf6 1-0

[Event "DEM U12/U12w 2013"]
[Site "Oberhof GER"]
[Date "2013.05.20"]
[Round "3"]
[White "Alekhanov, Jannis"]
[Black "Nguyen, Ha Thanh"]
[Result "1-0"]
[Termination "normal"]
[Board "36"]
[WhiteElo "1675"]
[BlackElo "1570"]
[PlyCount "131"]
[WhiteFideId "12921238"]
[BlackFideId "12942154"]
[EventCountry "GER"]
[EventRounds "11"]
[EventType "swiss"]
[EventDate "2013.05.18"]

1. e4 c5 2. Nf3 Nc6 3. d4 cxd4 4. Nxd4 g6 5. c4 Bg7 6. Be3 Nf6 7. Nc3 O-O 8.
Be2 d6 9. O-O Nxd4 10. Bxd4 Be6 11. Rc1 a6 12. Qa4 Rc8 13. Rfd1 Rc6 14. f3 Qc8
15. b3 Re8 16. Qa3 Nh5 17. Nd5 Bxd4+ 18. Rxd4 Bxd5 19. exd5 Rc5 20. b4 Rc7 21.
c5 dxc5 22. bxc5 Rd8 23. f4 Nf6 24. Bf3 Rcd7 25. Qb3 Rc7 26. Qb4 Rcd7 27. Qd2
Rc7 28. Qa5 Qb8 29. Rcc4 Rcd7 30. c6 bxc6 31. Rxc6 Qa7 32. Qb6 Kg7 33. Kf1 a5
34. Qxa7 Rxa7 35. d6 exd6 36. Rdxd6 Rxd6 37. Rxd6 Kf8 38. Rxf6 Ke7 39. Rb6 Kd8
40. Rb7 Rxb7 41. Bxb7 Kc7 42. Bd5 f6 43. Bg8 h6 44. Bf7 g5 45. fxg5 fxg5 46. h4
Kd6 47. hxg5 hxg5 48. Ke2 Ke5 49. Ke3 Kf6 50. Bb3 Ke5 51. g4 Kf6 52. Ke4 Kg6
53. Ke5 Kg7 54. Kf5 Kh6 55. Kf6 Kh7 56. Kxg5 Kg7 57. Bc2 Kg8 58. Kg6 Kh8 59.
Bb3 a4 60. Bxa4 Kg8 61. g5 Kh8 62. Kf7 Kh7 63. g6+ Kh8 64. g7+ Kh7 65. g8=Q+
Kh6 66. Qg6# 1-0

[Event "DEM U12/U12w 2013"]
[Site "Oberhof GER"]
[Date "2013.05.20"]
[Round "3"]
[White "Petersen, Marcel"]
[Black "Schmidt, Sarah"]
[Result "1/2-1/2"]
[Termination "normal"]
[Board "38"]
[WhiteElo "1582"]
[BlackElo "1194"]
[PlyCount "145"]
[WhiteFideId "12935670"]
[BlackFideId "12965480"]
[EventCountry "GER"]
[EventRounds "11"]
[EventType "swiss"]
[EventDate "2013.05.18"]

1. e4 d5 2. exd5 Nf6 3. d4 Nxd5 4. c4 Nb6 5. Nf3 Bf5 6. Nc3 e6 7. Be2 N8d7 8.
O-O Bb4 9. a3 Bxc3 10. bxc3 c5 11. a4 a5 12. Ba3 Qc7 13. Qb3 O-O 14. Qb5 Rfc8
15. Rac1 Qc6 16. Qxc6 Rxc6 17. d5 exd5 18. cxd5 Nxd5 19. Bb5 Rb6 20. Bxd7 Bxd7
21. Bxc5 Rc6 22. Bd4 f6 23. Nd2 Re6 24. Nb3 b6 25. Ra1 Rc8 26. Rfc1 Nf4 27. Kf1
Ne2 28. Rc2 Nxd4 29. Nxd4 Re4 30. Raa2 Kf7 31. f3 Re3 32. Ra3 Rc4 33. Nb5 Rxa4
34. Rxa4 Bxb5+ 35. Kf2 Bxa4 36. Rb2 Rxc3 37. Rxb6 Rc5 38. Ke3 Rb5 39. Ra6 Ke7
40. Ra7+ Kf8 41. f4 Rd5 42. h3 Ke8 43. Rxg7 Rd7 44. Rg8+ Kf7 45. Ra8 Rd5 46. g4
Be8 47. f5 a4 48. Ke4 Rd6 49. Ra7+ Kg8 50. Ke3 Rd1 51. h4 Rh1 52. h5 a3 53. Kf3
Rh3+ 54. Kf4 Bf7 55. g5 a2 56. gxf6 Kf8 57. Ra8+ Be8 58. Rxa2 Rxh5 59. Ra7 Bf7
60. Ra8+ Be8 61. Ke5 Rh1 62. Ra7 Re1+ 63. Kf4 h5 64. Kg5 Rg1+ 65. Kf4 Rf1+ 66.
Kg5 h4 67. Rh7 Rg1+ 68. Kf4 Rf1+ 69. Ke5 Re1+ 70. Kf4 Rf1+ 71. Kg5 Rg1+ 72. Kf4
Rf1+ 73. Ke5 1/2-1/2

[Event "DEM U12/U12w 2013"]
[Site "Oberhof GER"]
[Date "2013.05.20"]
[Round "3"]
[White "Schulze, Nick"]
[Black "Simon, Tim"]
[Result "0-1"]
[Termination "normal"]
[Board "39"]
[WhiteElo "1257"]
[BlackElo "1640"]
[PlyCount "154"]
[WhiteFideId "12971847"]
[BlackFideId "12971740"]
[EventCountry "GER"]
[EventRounds "11"]
[EventType "swiss"]
[EventDate "2013.05.18"]

1. d4 Nf6 2. c4 g6 3. Nc3 d5 4. Nf3 Bg7 5. e3 O-O 6. Bd3 dxc4 7. Bxc4 e6 8. O-O
Nc6 9. a3 Nd5 10. Qc2 a5 11. Nxd5 exd5 12. Bd3 Bg4 13. Nd2 Re8 14. h3 Be6 15.
b3 Ne7 16. Bb2 Nf5 17. Bxf5 Bxf5 18. Qd1 c5 19. Ra2 Qe7 20. Nf3 b5 21. dxc5
Bxb2 22. Rxb2 Qxc5 23. b4 Qc3 24. Rb3 Qc4 25. Rb2 a4 26. Qd2 Rac8 27. Rd1 Red8
28. g4 Be6 29. Rbb1 Qc3 30. Qxc3 Rxc3 31. Ng5 Rxa3 32. Nxe6 fxe6 33. Kg2 Ra2
34. Kg3 Ra8 35. f3 Re2 36. e4 dxe4 37. fxe4 a3 38. Kf3 Rc2 39. Kf4 a2 40. Ra1
Rb2 41. Ke5 Rxb4 42. Kf6 Rxe4 43. Rxa2 Rf4+ 44. Ke5 Rxa2 45. Kxf4 Rf2+ 46. Ke5
Re2+ 47. Kf6 Rf2+ 48. Kxe6 Rf8 49. Rb1 Rb8 50. Kd5 Kf7 51. g5 b4 52. h4 b3 53.
Ke5 Rb4 54. Rb2 Ke7 55. Rb1 b2 56. Kd5 Kd7 57. Kc5 Rb7 58. Kd5 Rb5+ 59. Kc4 Kc6
60. Kc3 Kc5 61. Kd3 Rb3+ 62. Kc2 Kc4 63. Rxb2 Rxb2+ 64. Kxb2 Kd4 65. Kc2 Ke4
66. Kc3 Kf4 67. Kd4 Kg4 68. Ke5 Kh5 69. Ke4 Kxh4 70. Kf3 Kxg5 71. Kg3 Kf5 72.
Kg2 Kg4 73. Kh2 Kf3 74. Kg1 Kg3 75. Kf1 g5 76. Ke2 g4 77. Ke1 Kh2 0-1

[Event "DEM U12/U12w 2013"]
[Site "Oberhof GER"]
[Date "2013.05.20"]
[Round "3"]
[White "Bureik, Nicolas"]
[Black "Lohrmann, Tabea"]
[Result "1/2-1/2"]
[Termination "normal"]
[Board "40"]
[WhiteElo "1183"]
[BlackElo "1553"]
[PlyCount "39"]
[WhiteFideId "12971863"]
[BlackFideId "12911941"]
[EventCountry "GER"]
[EventRounds "11"]
[EventType "swiss"]
[EventDate "2013.05.18"]

1. d4 d5 2. c4 e6 3. Nf3 c5 4. cxd5 exd5 5. g3 Nf6 6. Bg2 Nc6 7. O-O Be6 8. Nc3
c4 9. Bf4 Be7 10. Ne5 O-O 11. a3 Qc8 12. Re1 Rd8 13. Qd2 Nxe5 14. Bxe5 Bh3 15.
Bh1 Qf5 16. Rec1 Ng4 17. Qf4 Nxe5 18. Qxe5 Qxe5 19. dxe5 Be6 20. e3 1/2-1/2

[Event "DEM U12/U12w 2013"]
[Site "Oberhof GER"]
[Date "2013.05.20"]
[Round "3"]
[White "Reif, Karla"]
[Black "Groth, Kevin"]
[Result "0-1"]
[Termination "normal"]
[Board "41"]
[WhiteElo "1165"]
[BlackElo "1399"]
[PlyCount "64"]
[WhiteFideId "12971871"]
[BlackFideId "12971804"]
[EventCountry "GER"]
[EventRounds "11"]
[EventType "swiss"]
[EventDate "2013.05.18"]

1. e4 e5 2. Nf3 Nc6 3. Nc3 Nf6 4. Bb5 d6 5. d3 Bd7 6. Bg5 a6 7. Ba4 Be7 8. Bb3
Bg4 9. h3 Be6 10. Bxe6 fxe6 11. d4 exd4 12. Nxd4 Nxd4 13. Qxd4 h6 14. Bh4 e5
15. Qd3 g5 16. Bg3 Qd7 17. Nd5 Nxd5 18. Qxd5 O-O-O 19. O-O-O Rhg8 20. Qd3 Rdf8
21. Qe3 Qc6 22. Rd3 Kb8 23. Rc3 Qd7 24. f3 g4 25. Bf2 Bg5 26. Qxg5 hxg5 27.
hxg4 Rh8 28. Rd1 Qb5 29. Be3 Rfg8 30. Rb3 Qe2 31. Rd2 Rh1+ 32. Rd1 Qxd1# 0-1

[Event "DEM U12/U12w 2013"]
[Site "Oberhof GER"]
[Date "2013.05.20"]
[Round "3"]
[White "Grey, Andrea"]
[Black "Schulz, Theresa Charlotte"]
[Result "1-0"]
[Termination "normal"]
[Board "42"]
[WhiteElo "1157"]
[BlackElo "1306"]
[PlyCount "113"]
[WhiteFideId "12971880"]
[BlackFideId "12952206"]
[EventCountry "GER"]
[EventRounds "11"]
[EventType "swiss"]
[EventDate "2013.05.18"]

1. d4 d5 2. c4 e6 3. e3 Nc6 4. Nf3 Nf6 5. Bd3 g6 6. Nc3 Bg7 7. a3 b6 8. b4 Bb7
9. Bb2 O-O 10. O-O Re8 11. c5 bxc5 12. dxc5 e5 13. Bb5 e4 14. Nd4 Qd7 15. Qa4
Re6 16. Nxe6 Qxe6 17. Bxc6 Bxc6 18. Qd1 Qf5 19. Qe2 Qg5 20. g3 Qh6 21. h4 g5
22. hxg5 Qxg5 23. Qd2 Qh5 24. Kg2 Re8 25. Rh1 Qf3+ 26. Kg1 Re5 27. Qe2 Qf5 28.
Nb5 Bxb5 29. Qxb5 Ng4 30. Qe2 Re6 31. Bxg7 Kxg7 32. Rd1 Rf6 33. Rd2 Ne5 34. Rc2
Nc4 35. a4 Qe5 36. Qg4+ Rg6 37. Qh5 Qxh5 38. Rxh5 Ra6 39. Rxd5 Rxa4 40. Rxc4
Ra1+ 41. Kg2 Ra2 42. Rxe4 Kf6 43. Kf3 a5 44. bxa5 Rxa5 45. g4 Kg6 46. Ree5 h6
47. c6 Ra8 48. Rd7 Rc8 49. Ree7 h5 50. gxh5+ Kxh5 51. Rxc7 Rg8 52. Rcd7 f6 53.
c7 f5 54. Rd8 Rxd8 55. cxd8=Q f4 56. Rg7 fxe3 57. Qh8# 1-0

[Event "DEM U12/U12w 2013"]
[Site "Oberhof GER"]
[Date "2013.05.20"]
[Round "3"]
[White "von Jan, Lena"]
[Black "Reitz, Theresa"]
[Result "1-0"]
[Termination "normal"]
[Board "43"]
[WhiteElo "1285"]
[BlackElo "1113"]
[PlyCount "69"]
[WhiteFideId "12946060"]
[BlackFideId "12971901"]
[EventCountry "GER"]
[EventRounds "11"]
[EventType "swiss"]
[EventDate "2013.05.18"]

1. e4 e5 2. Nf3 Nc6 3. Bb5 a6 4. Ba4 Nf6 5. d3 b5 6. Bb3 Be7 7. c3 d5 8. Qe2
dxe4 9. dxe4 O-O 10. O-O Bd6 11. Bg5 Qe7 12. Rd1 h6 13. Bh4 Na5 14. Bc2 Be6 15.
Nbd2 Rfd8 16. a4 Nc4 17. b3 Nxd2 18. Rxd2 Rab8 19. axb5 axb5 20. Ra5 Bd7 21.
Bd3 c6 22. Qd1 Be6 23. Ra6 Rbc8 24. Bxb5 Nxe4 25. Bxe7 Nxc3 26. Qc2 Bxe7 27.
Rxd8+ Rxd8 28. Qxc3 cxb5 29. h3 Rd1+ 30. Kh2 Rd8 31. Qxe5 Re8 32. Qxb5 Rc8 33.
Rc6 Rd8 34. Rb6 Bd6+ 35. g3 1-0

[Event "DEM U12/U12w 2013"]
[Site "Oberhof GER"]
[Date "2013.05.20"]
[Round "3"]
[White "Recktenwald, Cedric"]
[Black "Flach, Helene"]
[Result "1/2-1/2"]
[Termination "normal"]
[Board "44"]
[WhiteElo "1042"]
[BlackElo "1272"]
[PlyCount "55"]
[WhiteFideId "12971928"]
[BlackFideId "12929735"]
[EventCountry "GER"]
[EventRounds "11"]
[EventType "swiss"]
[EventDate "2013.05.18"]

1. e4 e5 2. Nf3 Nc6 3. Bc4 Bc5 4. c3 Nf6 5. d4 exd4 6. cxd4 Bb4+ 7. Bd2 Bxd2+
8. Nbxd2 d5 9. exd5 Nxd5 10. Qb3 Be6 11. Qxb7 Nce7 12. O-O O-O 13. Rfe1 Qd6 14.
Qa6 Qb6 15. Qxb6 axb6 16. a3 c6 17. Ne5 Rfe8 18. Rac1 f6 19. Nxc6 Nxc6 20. Rxe6
Rxe6 21. Bxd5 Nxd4 22. Bxe6+ Nxe6 23. Rc6 Rd8 24. Nf1 Nd4 25. Rxb6 Ne2+ 26. Kh1
Rd1 27. g3 Rxf1+ 28. Kg2 1/2-1/2